Geografía por Letra - C - Estadísticas

Estadísticas generales
  • Esta prueba ha sido intentada 4.620 veces
  • La puntuación promedio es 13 de 24
Estadísticas de respuestas
Pista Respuesta % Correcto
País en los Balcanes Croacia
89%
Provincia de Andalucia, y su capital Córdoba
74%
Isla dividida entre las facciones turcas y griegas Chipre
73%
Capital de Gales Cardiff
70%
Provincia de Andalucia, y su capital Cádiz
69%
Ciudad en la costa Azul con un famoso festival de cine Cannes
68%
Ciudad cerca del extremo sur de África Ciudad del Cabo
68%
Ciudad turística en la península de Yucatán Cancún
66%
Isla de la civilización minoica Creta
66%
El deporte más popular de India Críquet
66%
Río que fluye a través del Gran Cañón Colorado
65%
Isla donde Napoleón nació Córcega
64%
Ciudad a orillas del lago Michigan Chicago
63%
El antiguo nombre de Kolkata Calcutta
51%
Dialecto del sur de China Cantonés
51%
Península que se adentra en el Mar Negro Crimea
50%
País donde el jemer es el idioma oficial Camboya
47%
Ciudad antigua cerca de la Túnez moderna Cartago
42%
La ciudad francesa más cercana a Inglaterra Calais
36%
Ciudad fronteriza de México, en Chihuahua Ciudad Juárez
33%
La mayor ciudad de la provincia de Alberta Calgary
29%
La comunidad cristiana de Egipto Copto
28%
La tribu de indios americanos más populosa Cheroqui
23%
Grupo étnico de Luisiana de acadianos francés Cajunes
15%
No se encontraron pruebas coincidentes
Distribución de puntuación
Porcentaje de gente con cada puntuación
Porcentaje por número respondido
Historial de tus puntuaciones
No has intentado esta prueba.